| Поле | Инд. | ПП | Название | Значение |
|---|---|---|---|---|
| Тип записи | a | |||
| Библиографический уровень | b | |||
| 001 | Контрольный номер | RU/IS/BASE/264552961 | ||
| 005 | Дата корректировки | 20230526150301.7 | ||
| 008 | Кодируемые данные | 19951209 | ||
| 084 | a | Индекс другой классификации/Индекс ББК | 81.521-1-2-3-4-03 | |
| 097 | 00 | a | 750 | |
| 100 | 10 | a | Автор | Эдельман Д. И. |
| 245 | 00 | a | Заглавие | Еще раз о взаимодействии языковых уровней в истории иранских языков |
| 504 | 00 | a | Библиография | Библиогр.: с. 41 - 42 |
| 650 | 04 | a | Основная рубрика | грамматика |
| a | Основная рубрика | лексикография | ||
| a | Основная рубрика | лексикология | ||
| a | Основная рубрика | общее языкознание | ||
| a | Основная рубрика | структура языка | ||
| a | Основная рубрика | филологические науки | ||
| a | Основная рубрика | фонетика | ||
| a | Основная рубрика | частное языкознание | ||
| a | Основная рубрика | языкознание | ||
| 653 | 00 | a | Ключевые слова | иранские языки |
| a | Ключевые слова | история языка | ||
| a | Ключевые слова | лексика | ||
| a | Ключевые слова | морфология | ||
| a | Ключевые слова | синтаксис | ||
| a | Ключевые слова | языки | ||
| a | Ключевые слова | языковые уровни | ||
| 773 | 00 | t | Заглавие источника | Вопросы языкознания |
| d | Дата издания источника | 1995 | ||
| g | Прочая информация | № 4. - С. 25 - 42 | ||
| w | Контрольный № источника | RU/IS/BASE/134584334 | ||
| 901 | t | Тип документа | b |